00613nam a2200145 4500008004100000020001800041082001800059100002200077245013200099260006400231300004600295440003800341650004400379650004400423240122b |||||||| |||| 00| 0 eng d a9789555801591 a362.8292bKOD aKodikara, Chulani a Balancing acts : bcounselling for intimate partner violence against women in the two districts of Anuradhapura and Batticaloa aColombo :b International Centre for Ethnic Studies, c2014 avi, 41 p. ; 30 cm.bBibliography included aICES working paper series vno. 6 aIntimate partner violence -- Sri Lanka  aWomen -- Violence against -- Sri Lanka